00774nam a22002177a 450000500170000001000160001702000260003303500140005903700090007308200150008210000330009724500680013025000060019826000390020427000460024330000270028970000360031694200290035299900190038195201560040020241202150532.0 aENG-1427762 a9789386551832c360.00 aEN-126294 bDBAD a004.67821 aKanetkarm, Yashavant 974506 a21 IOT Experiments/cby Yashavant Kanetkar [and] Shrirang Korde a1 aNew DelhibBPB Publications c2018 aB-14,Connaught Place, bNew Delhie110001 aviii,,266p. c23cm(Hb) aKorde, Shrirang eAuthor974507 2ddccENh004.678mKANe1 c207304d207304 001040708NFICaAVbAVd2024-12-02eDelivery of Books Act Divisiong360.00l0o004.678 KANpEN-126294r2024-12-02 00:00:00t1v360.00w2024-12-02yEN